More with less : Paul MacCready and the dream of efficient flight /

Bibliographic Details
Main Author: Ciotti, Paul
Format: Book
Language:English
Published: San Francisco : Encounter Books, 2002.
Edition:1st ed.
Subjects:

MARC

Tag First Indicator Second Indicator Subfields
LEADER 00000cam a22000004a 4500
001 in00001703339
005 20151024154042.0
008 020523s2002 caua b 001 0beng
010 |a  2002072464 
015 |a GBA2-Y4368 
020 |a 1893554503 (alk. paper) 
035 |a (OCoLC)ocm49205136 
040 |a DLC  |c DLC  |d UKM  |d C#P  |d TXA  |d UtOrBLW 
042 |a pcc 
043 |a n-us--- 
049 |a TXAM 
050 0 0 |a TL540.M227  |b C56 2002 
082 0 0 |a 629.13/0092  |a B  |2 21 
100 1 |a Ciotti, Paul. 
245 1 0 |a More with less :  |b Paul MacCready and the dream of efficient flight /  |c Paul Ciotti. 
250 |a 1st ed. 
264 1 |a San Francisco :  |b Encounter Books,  |c 2002. 
300 |a 259 pages :  |b illustrations ;  |c 24 cm. 
336 |a text  |b txt  |2 rdacontent 
337 |a unmediated  |b n  |2 rdamedia 
338 |a volume  |b nc  |2 rdacarrier 
504 |a Includes bibliographical references (pages 231-251) and index. 
600 1 0 |a MacCready, Paul B. 
650 0 |a Aeronautical engineers  |z United States  |v Biography. 
650 0 |a Human powered aircraft. 
650 0 |a Mechanical efficiency. 
600 1 4 |a MacCready, Paul  |x Contributions in aeronautics. 
948 |a cataloged  |b h  |c 2002/9/23  |d c  |e ceaton  |f 1:56:52 pm 
994 |a E0  |b TXA 
999 |a MARS 
999 f f |s 57d18b98-b11c-37c1-b5bc-4344349c71de  |i 54a6a2f0-17e4-3f6e-93f6-4c46e8c94b8a  |t 0 
952 f f |p ric  |a Texas A&M University  |b Rellis Campus  |c Joint Library Facility  |d Remote Storage  |t 0  |e TL540.M227 C56 2002  |h Library of Congress classification  |i unmediated -- volume  |m A14829143725 
998 f f |a TL540.M227 C56 2002  |t 0  |l Remote Storage